Statistics for Indiana Pacers All-NBA Players

Click here to take the quiz!

General Stats

  • This quiz has been taken 126 times
    (17 since last reset)
  • The average score is 5 of 6

Answer Stats

Player% Correct
Reggie Miller
100%
Paul George
94%
Tyrese Haliburton
94%
Jermaine O'Neal
88%
Ron Artest
82%
Victor Oladipo
65%

Score Distribution

Percentile by Number Answered

Percent of People with Each Score

Your Score History

You have not taken this quiz since the last reset